Hechos apócrifos de los Apóstoles. (Record no. 179593)
[ view plain ]
| 000 -LEADER | |
|---|---|
| campo de control de longitud fija | 01255nam a2200265 i 4500 |
| 001 - NÚMERO DE CONTROL | |
| campo de control | 179593 |
| 003 - IDENTIFICADOR DE NÚMERO DE CONTROL | |
| campo de control | ES-MaACL |
| 005 - FECHA Y HORA DE LA ÚLTIMA TRANSACCIÓN | |
| campo de control | 20250808062831.0 |
| 007 - CAMPO FIJO DE DESCRIPCIÓN FÍSICA--INFORMACIÓN GENERAL | |
| campo de control de longitud fija | t| |
| 008 - DATOS DE LONGITUD FIJA--INFORMACIÓN GENERAL | |
| campo de control de longitud fija | 111223s2011 sp |||| | spa d |
| 020 ## - NÚMERO INTERNACIONAL ESTÁNDAR DEL LIBRO | |
| Número Internacional Estándar del Libro | 978-84-7914-974-1 |
| 080 ## - NÚMERO DE LA CLASIFICACIÓN DECIMAL UNIVERSAL | |
| Número de la Clasificación Decimal Universal | 229.8 |
| 245 00 - MENCIÓN DEL TÍTULO | |
| Título | Hechos apócrifos de los Apóstoles. |
| Número de parte o sección de la obra | III / |
| Mención de responsabilidad, etc. | edición preparada por Antonio Piñero y Gonzalo del Cerro. |
| 260 ## - PUBLICACIÓN, DISTRIBUCIÓN, ETC. | |
| Lugar de publicación, distribución, etc. | Madrid : |
| Nombre del editor, distribuidor, etc. | Biblioteca de Autores Cristianos, |
| Fecha de publicación, distribución, etc. | 2011. |
| 300 ## - DESCRIPCIÓN FÍSICA | |
| Extensión | XX, 1223 p. ; |
| Dimensiones | 20 cm. |
| 490 1# - MENCIÓN DE SERIE | |
| Mención de serie | Biblioteca de autores cristianos ; |
| Designación de volumen o secuencia | 701 |
| 500 ## - NOTA GENERAL | |
| Nota general | Textos en español, griego y latín. |
| 505 8# - NOTA DE CONTENIDO CON FORMATO | |
| Nota de contenido con formato | Contiene: Hechos de Felipe -- Martirio de Pedro -- Hechos de Andrés y Mateo -- Martirio de Mateo -- Hechos de Pedro y Pablo -- Viajes y martirio de Bernabé -- Hechos de Tadeo -- Hechos de Juan, por Prócoro -- Hechos de Santiago el Mayor -- Hechos de Santiago, Simón y Judas -- Milagros de Juan -- Pasión de Bartolomé -- Martirio de Nereo y Aquilés -- Martirio de Andrés |
| 700 1# - ENTRADA AGREGADA--NOMBRE PERSONAL | |
| Nombre de persona | Piñero, Antonio. |
| 9 (RLIN) | 92272 |
| 700 1# - ENTRADA AGREGADA--NOMBRE PERSONAL | |
| Nombre de persona | Cerro Calderón, Gonzalo del. |
| 9 (RLIN) | 37568 |
| 730 02 - ASIENTO SECUNDARIO--TITULO UNIFORME | |
| Título uniforme | Biblia. |
| Nombre de parte o sección de la obra | N.T. |
| -- | Apócrifos. |
| 9 (RLIN) | 155693 |
| 830 00 - PUNTO DE ACCESO ADICIONAL DE SERIE-TÍTULO UNIFORME | |
| Título uniforme | Biblioteca de autores cristianos |
| Designación de volumen o secuencia | 701 |
| 9 (RLIN) | 178679 |
| 852 ## - LOCALIZACIÓN | |
| Ubicación | ES-MaACL |
| Número de control de estantería | J-689 |
| Estatus retirado | Estado de pérdida | Estado de daño | No para préstamo | Biblioteca de origen | Biblioteca actual | Ubicación en estantería | Fecha de adquisición | Fuente de adquisición | Total de préstamos | Signatura topográfica completa | Código de barras | Visto por última vez | Precio de reemplazo | Tipo de ítem Koha |
|---|---|---|---|---|---|---|---|---|---|---|---|---|---|---|
| Biblioteca del Ateneo de Madrid | Biblioteca del Ateneo de Madrid | Depósito 2 | 23/12/2011 | J-689 | 1188667 | 23/02/2023 | 23/02/2023 | Libro impreso |
